000 00292nam a22001217a 4500
008 170621b xxu||||| |||| 00| 0 eng d
041 _aeng
080 _a32
100 _a20
101 _aSHP
245 _aGERMAN PEASANTS AND AGRAIN POLITICS 1914 1924
_cMOELLER..R.G
942 _2udc
_cBK
999 _c18483
_d18483